Statistics for Countries Ranked by Tourism by % of GDP

Click here to take the quiz!

General Stats

  • This quiz has been taken 68 times
  • The average score is 18 of 30

Answer Stats

HintAnswer% Correct
132mm / 23.5%Dominica
85%
404mm / 23.6%St. Lucia
85%
2.57bn / 21.2%Bahamas
83%
1.08bn / 22.6%Barbados
83%
483mm / 32.5%Seychelles
80%
3.1bn / 14.4%Cyprus
78%
2.74bn / 59.6%Maldives
78%
332mm / 21.7%Antigua & Barbuda
77%
885mm / 17.5%Fiji
77%
1.72bn / 13.7%Malta
77%
448mm / 48.0%Grenada
72%
2.53bn / 17.2%Jamaica
72%
57.4bn / 12.6%Thailand
67%
10.9bn / 19.9%Croatia
65%
1,74bn / 13.1%Mauritius
65%
141mm / 48.4%Palau
65%
165mm / 19.3%Samoa
65%
3.02bn / 12.7%Iceland
60%
217mm / 25.1%Vanuatu
58%
426mm / 23.2%Belize
57%
436mm / 24.9%Cape Verde
55%
66mm / 16.9%Sao Tome & Principe
55%
1.04bn / 21.8%Montenegro
43%
1.92bn / 14.8%Albania
40%
3.6bn / 16.4%Cambodia
32%
7.6bn / 14.7%Lebanon
25%
2.75bn / 18.1%Georgia
23%
4.6bn / 11.6%Jordan
23%
166mm / 11.4%Gambia
10%
6.1bn / 15.3%Syria
7%

Score Distribution

Percentile by Number Answered

Percent of People with Each Score

Your Score History

You have not taken this quiz